| 000 | 00620nam a2200205 a 4500 | ||
|---|---|---|---|
| 005 | 20240912063813.0 | ||
| 008 | 080305s2002 mx r 000 0 spa d | ||
| 020 | _a9706906347 | ||
| 035 | _aUPN01000154745 | ||
| 049 | _aI | ||
| 050 | 4 |
_aQP34.5 _bW3.3 |
|
| 100 | 1 |
_aWalker, Richard, _d1951- _933823 |
|
| 245 | 1 | 3 |
_aEl cuerpo : _bhuesos, músculos, sangre, y mucho más / _cRichard Walker ; tr. Eunice Cortés. |
| 260 |
_aMéxico : _bPlaneta, _cc2002. |
||
| 300 |
_a96 p. : _bil. col. |
||
| 440 | 0 |
_aPlaneta Junior. _pMegabites |
|
| 650 | 2 |
_aAnatomía humana _9582 |
|
| 650 | 2 |
_aCuerpo humano _99138 |
|
| 905 | _aInfantil | ||
| 999 |
_c126861 _d126861 |
||